Академия наук в городе Петербурге. Главное здание. Планы этажей. Архитектор Д. Филиппов

RUSMARC
00005797cfc2a2200000#x 450
001567a08cc-2285-48bf-919a-88e59c553e43
00520210813163045.0
100##$a20150121l17961830k l0rusy0189 ca
1010#$arus
102##$aRU
2001#$aАкадемия наук в городе Петербурге. Главное здание. Планы этажей. Архитектор Д. Филиппов
$jДо 1830 г.
251##$cДело
801#0$aRU
$bРГИА
$c20150121
801#1$aRU
$bГлавНИВЦ
$c20150121
$2rusmarc
801#2$aRU
$bПБ им. Б.Н. Ельцина
$c20151223
$2rusmarc
850##$aФедеральное казенное учреждение "Российский государственный исторический архив"
852##$aРГИА
$j549
937##$hРГИА
$d12096015
$aASBIBLIO_SCAN
462#0$1001ee86b81b-e960-47ea-b306-d2b6228ebbd9
$12001
$a1796-1888 гг.
$vД. 549
$1251
$cОпись
$1852
$j96
461#0$1001a74412a3-3cc5-4d21-8f0a-dfe2fbd9e72d
$12001
$aДепартамент народного просвещения Министерства народного просвещения
$1251
$cФонд
$1852
$j733
215##$a1 лист
$cплан.
$d11x12 см
105##$aе###
1222#$ad1796######
$ad1830######
035##$a567a08cc-2285-48bf-919a-88e59c553e43
120##$abyy
121##$aa aaaaaa
1231#$aa
124##$aa
$bj
206##$bВ одном английском дюйме 10 саженей
300##$aБумага. Тушь, карандаш, акварель
300##$aОригинальный заголовок дела: Планы главного дома Императорской Академии наук. Верхние этажи. Средние этажи. Нижние этажи
300##$aЗаголовок дела на папке: Планы главного дома Академии наук
5171#$aПланы главного дома Императорской Академии наук. Верхние этажи. Средние этажи. Нижние этажи
5171#$aПланы главного дома Академии наук
686##$a72.471.1(2Рос)г.ю11
$2rubbk
$vLBC/M
605##$2acquisition_Prlib
$3DITM\AF\0000003834
$aНарод
$lколлекция
605##$2acquisition_Prlib
$3LIBNET\UAF\0000096071
$aАкадемия наук и становление российской науки
$lколлекция
60102$aАкадемия наук
$cСанкт-Петербург, город
$xПланировка и строительство
$jДокументы и материалы
$2prlib_sh
$3LIBNET\UAF\0000096558
60102$aАкадемия наук
$cСанкт-Петербург, город
$xЗдание
$xИстория
$jДокументы и материалы
$2prlib_sh
$3LIBNET\UAF\0000096559
Формат отображения